| 000 | 00806nam a2200265Ia 4500 | ||
|---|---|---|---|
| 001 | Z_4102 | ||
| 003 | CHAP | ||
| 008 | 220113s2001 xx 000 0 und d | ||
| 010 | _a167166 | ||
| 040 | _cCHAP | ||
| 090 | _aTesis R 1587 | ||
| 100 |
_aRomano Martínez, Luciano _999484 |
||
| 245 |
_aNivel parasitario y géneros de parásitos internos en hembras adultas de los genotipos ovinos criollo y suffolk / _cpor Luciano Romano Martínez |
||
| 260 |
_aChapingo, Méx. : _bEl autor, _c2001 |
||
| 300 | _a82 h. | ||
| 502 | _aTesis (Ing. Agr. Esp. en Zootecnia) -- UACH. Departamento de Zootecnia | ||
| 650 |
_aGanado lanar _xParásitos _945208 |
||
| 650 |
_aGanado lanar _xRazas _945218 |
||
| 901 | _aTESIS R 1587 | ||
| 902 | _aM | ||
| 910 | _a2001 | ||
| 942 | _c2 | ||
| 942 | _c2 | ||
| 999 |
_c167166 _d167166 |
||